La Revolución Francesa contada por un aldeano. (Record no. 181253)

MARC details
000 -LEADER
campo de control de longitud fija 00852nam a2200217 i 4500
001 - NÚMERO DE CONTROL
campo de control 181253
003 - IDENTIFICADOR DE NÚMERO DE CONTROL
campo de control ES-MaACL
005 - FECHA Y HORA DE LA ÚLTIMA TRANSACCIÓN
campo de control 20250817030024.0
008 - DATOS DE LONGITUD FIJA--INFORMACIÓN GENERAL
campo de control de longitud fija 121119s1870 sp | |||| ||spa d
080 ## - NÚMERO DE LA CLASIFICACIÓN DECIMAL UNIVERSAL
Número de la Clasificación Decimal Universal 821.133.1-31"18"
080 ## - NÚMERO DE LA CLASIFICACIÓN DECIMAL UNIVERSAL
Número de la Clasificación Decimal Universal 94(44)"1789/99"(0:82)
100 1# - ENTRADA PRINCIPAL--NOMBRE DE PERSONA
Nombre de persona Erckmann-Chatrian.
9 (RLIN) 47367
245 13 - MENCIÓN DEL TÍTULO
Título La Revolución Francesa contada por un aldeano.
Número de parte o sección de la obra [1,
Nombre de parte o sección de la obra Los preliminares de la Revolución] /
Mención de responsabilidad, etc. por Erckmann-Chatrian.
260 ## - PUBLICACIÓN, DISTRIBUCIÓN, ETC.
Lugar de publicación, distribución, etc. Madrid :
Nombre del editor, distribuidor, etc. [s.n.,
Fecha de publicación, distribución, etc. ca. 1870-] (
Fabricante Impr. de la Biblioteca de Instrucción y Recreo)
300 ## - DESCRIPCIÓN FÍSICA
Extensión 233 p. ;
Dimensiones 18 cm.
490 1# - MENCIÓN DE SERIE
Mención de serie Biblioteca de instrucción y recreo
651 #4 - PUNTO DE ACCESO ADICIONAL DE MATERIA--NOMBRE GEOGRÁFICO
Nombre geográfico Francia-
Subdivisión general Historia-
Subdivisión cronológica 1789-1799, Revolución-
Subdivisión de forma Novelas.
9 (RLIN) 151841
830 00 - PUNTO DE ACCESO ADICIONAL DE SERIE-TÍTULO UNIFORME
Título uniforme Biblioteca de instrucción y recreo
9 (RLIN) 182429
852 ## - LOCALIZACIÓN
Ubicación ES-MaACL
Número de control de estantería D-904
Nota libre .- Legado M. de la Fuente
Holdings
Estatus retirado Estado de pérdida Estado de daño No para préstamo Colección Biblioteca de origen Biblioteca actual Ubicación en estantería Fecha de adquisición Fuente de adquisición Total de préstamos Signatura topográfica completa Código de barras Visto por última vez Precio de reemplazo Tipo de ítem Koha
        Libros del s. XIX Biblioteca del Ateneo de Madrid Biblioteca del Ateneo de Madrid Sala Valle Inclán 19/11/2012     D-904 901190472 23/02/2023 23/02/2023 Libro impreso antiguo